000 00532nam a2200181Ia 4500
003 OSt
005 20250129110430.0
008 210210b1945 xxu||||| |||| 00| 0 eng d
040 _cAL
041 _akan
082 _a853/360
100 _aRAJARAV (Kaivar)
_9161700
_dರಾಜಾರಾವ್ ಕೈವಾರ
245 _aSamsara satyagraha:
_bಸಂಸಾರ ಸತ್ಯಾಗ್ರಹ
260 _aBengaluru
_bSatyashodhana Prakatana Mandira
_c1945
690 _aKannada Drama
_9161701
906 _a019636
942 _2ddc
_cBK
999 _c143770
_d143770